[Event "Wch U12 Girls"]
[Site "Santiago de Compostela"]
[Date "2018.11.11"]
[Round "7"]
[White "Kaldarova, Ayaulym"]
[Black "Wang, Ellen"]
[Result "0-1"]
[WhiteElo "1526"]
[BlackElo "1711"]
[PlyCount "110"]
[EventDate "2018.11.04"]
[EventType "swiss"]
[EventRounds "11"]
[EventCountry "ESP"]
[SourceTitle "EXT 2022"]
[Source "ChessBase"]
[SourceDate "2021.10.06"]
[SourceVersion "1"]
[SourceVersionDate "2021.10.06"]
[SourceQuality "1"]

1. e4 c5 2. Nf3 e6 3. d4 cxd4 4. Nxd4 a6 5. Bd3 Nf6 6. 0-0 Qc7 7. Qe2 d6 8. c4 g6 9. Nc3 Bg7 10. Kh1 0-0 11. f4 Nbd7 12. Nb3 b6 13. Bd2 Bb7 14. Rae1 Rad8 15. Rf3 Nc5 16. Bb1 Nfd7 17. Nxc5 dxc5 18. Rd3 Nb8 19. Be3 Nc6 20. Red1 Nd4 21. Qf2 Rfe8 22. R3d2 Qe7 23. e5 f6 24. Bxd4 cxd4 25. Rxd4 fxe5 26. R4d2 exf4 27. Qxf4 Rxd2 28. Qxd2 Rf8 29. Qe3 Qf6 30. h3 Qf2 31. Qxe6+ Kh8 32. Nd5 Bc8 33. Qe3 Qxb2 34. Nxb6 Bb7 35. Nd5 Ba8 36. Re1 a5 37. Qe7 Qf2 38. Qe3 Qb2 39. Qe7 Qf2 40. Qe3 Qf7 41. Qc5 h6 42. Ne7 Bxg2+ 43. Kg1 Ba8 44. Nxg6+ Kg8 45. Ne7+ Kh8 46. Bf5 Re8 47. Re3 Bf6 48. Ng6+ Kg7 49. Rg3 Bg5 50. h4 Qf6 51. Qc7+ Kg8 52. Kf2 Qb2+ 53. Kf1 Qe2+ 54. Kg1 Qe1+ 55. Kh2 Qh1# 0-1

[Event "Wch U12 Girls"]
[Site "Santiago de Compostela"]
[Date "2018.11.08"]
[Round "4"]
[White "Mellor, Jessica"]
[Black "Wang, Ellen"]
[Result "0-1"]
[WhiteElo "1555"]
[BlackElo "1711"]
[PlyCount "100"]
[EventDate "2018.11.04"]
[EventType "swiss"]
[EventRounds "11"]
[EventCountry "ESP"]
[SourceTitle "EXT 2022"]
[Source "ChessBase"]
[SourceDate "2021.10.06"]
[SourceVersion "1"]
[SourceVersionDate "2021.10.06"]
[SourceQuality "1"]

1. e4 c5 2. Nc3 Nc6 3. f4 g6 4. Nf3 Bg7 5. Bc4 e6 6. a3 Nge7 7. Ba2 0-0 8. 0-0 d5 9. e5 b6 10. d3 Bb7 11. Qe1 Nf5 12. g4 Nfd4 13. Nxd4 Nxd4 14. Qf2 g5 15. Be3 Nxc2 16. Qxc2 d4 17. Qd2 dxe3 18. Qxe3 gxf4 19. Qxf4 Qh4 20. Ne4 Bxe4 21. Qxe4 Rad8 22. Rf4 Qg5 23. Raf1 Rd4 24. Qe3 Bh6 25. h4 Qxh4 26. Kg2 Rxf4 27. Rxf4 Qg5 28. Kg3 Rd8 29. Qf3 Qxf4+ 30. Qxf4 Bxf4+ 31. Kxf4 Rxd3 32. Kg5 Rd2 33. Kf6 Rxb2 34. Bc4 Rf2+ 35. Ke7 Rf4 36. Bb5 Rxg4 37. Be8 Rf4 38. Bd7 c4 39. Ba4 h5 40. Bc2 h4 41. Ba4 h3 42. Kd7 h2 43. Bc6 c3 44. Kc7 c2 45. Kb7 c1Q 46. Bg2 h1R 47. Bxh1 Qxh1+ 48. Kb8 Qc6 49. a4 Rd4 50. a5 Rd8+ 0-1